000 01257nam a2200313 i 4500
003 EG-GICUC
005 20260317102918.0
008 260317s1988 ||| |||fr|||| 00| 0 Ara d
040 _a EG-GICUC
_bara
_c EG-GICUC
_d EG-GICUC
_erda
041 0 _aAra
082 0 4 _221
_a343.124
_bه ل . ح
092 0 4 _221
099 _aLaw1 10 343.124 ه ل . ح 1988
100 0 _aهلالى عبداللاه أحمد
_eمؤلف.
245 1 0 _aحماية حقوق الدفاع فى مرحلة التحقيق الإبتدائى بين الشريعة الإسلامية والقانون الوضعى /
_cتأليف الدكتور هلالى عبداللاه أحمد.
264 _a[مكان النشر غير محدد] :
_b[الناشر غير محدد]،
_c1988.
300 _a103 ؛صفحة
_c24 سم.
336 _2rda content
_atext
337 _2rda media
_aComputer
338 _2rda carrier
_aOnline Resource
504 _a. 45-39 ببليوجرافيا: صفحات.
546 _aالنص باللغة العربية
650 1 _aالدفاع الشرعى
_2qrmak
650 1 _aالقانون الجنائى
_2qrmak
651 1 _2qrmak
856 4 0 _uhttps://fll.law.cu.edu.eg/fulltext/bks/B10-08344.pdf
905 _a54
942 _2ddc
_cBK
_e21
_n0
999 _c66394
_d66394